000 00661nam a22001937a 4500
003 DO-CoUTE
005 20260518144802.0
008 260518b dr ||||| |||| 00| 0 spa d
040 _aDO-CoUTE
_bspa
_cDO-CoUTE
082 _aRD 861.4M358E
100 1 _aMarrero de Munné, Melba
_eAutor
245 1 0 _aEva en Extrema Unción /
_cMelba Marrero de Munné
260 _aSanto Domingo :
_bInstituto Superior de Formación Docente Salomé Ureña (ISFODOSU),
_c2024
300 _a82 Paginas :
_c22cm,
504 _aIncluye referencia bibliográfica e índice.
650 4 _aPoemas dominicano
700 1 _aMelba Marrero de Munné
_eAutor
942 _2ddc
_cBK
999 _c24200
_d24200